100 receitas dos melhores restaurantes cariocas / (Record no. 1010)

MARC details
000 -LÍDER
campo de controle de tamanho fixo 01116nam a22002417a 4500
003 - IDENTIFICADOR DO NÚMERO DE CONTROLE
campo de controle OSt
005 - DATA E HORÁRIO DA ÚLTIMA TRANSAÇÃO
campo de controle 20251124141530.0
008 - CAMPO DE DADOS FIXOS--INFORMAÇÃO GERAL
campo de controle de tamanho fixo 251124b |||||||| |||| 00| 0 eng d
040 ## - FONTE DA CATALOGAÇÃO
Instituição que transcreveu o registro Nolita
041 ## - CÓDIGO DE IDIOMA
Código do idioma do texto/trilha sonora ou título diferente Português
245 ## - TÍTULO
Título 100 receitas dos melhores restaurantes cariocas /
Indicação de responsabilidade, etc. coordenação, Rodolfo Garcia
246 ## - FORMA VARIANTE DO TÍTULO
Título/título abreviado Cem receitas dos melhores restaurantes cariocas
260 ## - PUBLICAÇÃO, DISTRIBUIÇÃO, ETC.
Local de publicação, distribuição, etc. Rio de Janeiro :
Nome do editor, distribuidor, etc. Nova Fronteira,
Data da publicação, distribuição, etc. 1987
300 ## - DESCRIÇÃO FÍSICA
Extensão 124 p. :
Outros detalhes físicos il. ;
Dimensões 24 cm
500 ## - NOTA GERAL
Nota geral Inclui índice.
520 ## - NOTA DE RESUMO, ETC.
Resumo, etc. Reúne cem receitas selecionadas entre diversos restaurantes do Rio de Janeiro, apresentando pratos tradicionais e contemporâneos da culinária carioca. A obra oferece instruções detalhadas e ilustrações, destacando a diversidade gastronômica da cidade e valorizando técnicas e ingredientes presentes na alta e na média gastronomia local.
650 #0 - ASSUNTO--TERMO TÓPICO
Cabeçalho tópico ou nome geográfico Gastronomia
9 (RLIN) 7
650 #0 - ASSUNTO--TERMO TÓPICO
Cabeçalho tópico ou nome geográfico Restaurantes
Subdivisão geográfica Rio de Janeiro (Estado)
9 (RLIN) 42
650 #0 - ASSUNTO--TERMO TÓPICO
Cabeçalho tópico ou nome geográfico Culinária brasileira
Subdivisão geográfica Rio de Janeiro (RJ)
9 (RLIN) 1473
650 #0 - ASSUNTO--TERMO TÓPICO
Cabeçalho tópico ou nome geográfico Receitas
9 (RLIN) 12
700 1# - ENTRADA ADICIONADA - NOME PESSOAL
Nome pessoal García, Rodolfo
9 (RLIN) 1655
Função do autor por extenso Coordenação
942 ## - ELEMENTOS DE ENTRADA ADICIONADOS (KOHA)
Fonte de classificação ou esquema de arquivamento Classificação decimal de Dewey
Tipo de material Koha Livros
Ocultar no OPAC Não
Holdings
Situação do descarte Situação das perdas Fonte de classificação ou esquema de arquivamento Status danificado Não pode ser emprestado Coleção Biblioteca de origem Biblioteca atual Data de aquisição Total de empréstimos Número de chamada completo Código de barras Data de último acesso Data do preço efetivo Tipo de material Koha
    Classificação decimal de Dewey     Não ficção Nolita Roastery Nolita Roastery 11/24/2025   L1089 L1089 11/24/2025 11/24/2025 Livros